Evaluacion de programas sociales / (Registro nro. 43499)

Detalles MARC
000 -LEADER
fixed length control field 00989nam a2200289 4500
001 - CONTROL NUMBER
control field 0000016208
003 - CONTROL NUMBER IDENTIFIER
control field CO-CtgCURN
005 - DATE AND TIME OF LATEST TRANSACTION
control field 20250429224759.0
007 - PHYSICAL DESCRIPTION FIXED FIELD--GENERAL INFORMATION
fixed length control field ta
008 - FIXED-LENGTH DATA ELEMENTS--GENERAL INFORMATION
fixed length control field 160627s1991 000 0 eng d
020 ## - INTERNATIONAL STANDARD BOOK NUMBER
International Standard Book Number 9682439167
040 ## - CATALOGING SOURCE
Original cataloging agency CO-CtgCURN
Language of cataloging spa
Transcribing agency coctgcurn
082 0# - DEWEY DECIMAL CLASSIFICATION NUMBER
Classification number 300.72
Item number B259e
100 1# - MAIN ENTRY--PERSONAL NAME
Personal name Briones, Guillermo.
245 10 - TITLE STATEMENT
Title Evaluacion de programas sociales /
Statement of responsibility, etc. Guillermo Briones.
260 ## - PUBLICATION, DISTRIBUTION, ETC.
Place of publication, distribution, etc. Mexico :
Name of publisher, distributor, etc. Trillas,
Date of publication, distribution, etc. 1991.
300 ## - PHYSICAL DESCRIPTION
Extent 266 p.
336 ## - CONTENT TYPE
Source rdacontent
337 ## - MEDIA TYPE
Source rdamedia
Media type term sin mediacion
Media type code n
338 ## - CARRIER TYPE
Source rdacarrier
Carrier type term volumen
Carrier type code nc
504 ## - BIBLIOGRAPHY, ETC. NOTE
Bibliography, etc. note Bibliografia (p. 255-260)
505 8# - FORMATTED CONTENTS NOTE
Formatted contents note Teoria y metodología.--Análisis y evaluacion de componentes.--Evaluacion de sistemas educativos.--Recolección y análisis de datos
650 14 - SUBJECT ADDED ENTRY--TOPICAL TERM
Topical term or geographic name entry element Investigaciones evaluativas (Programas de Acción social)
908 ## - PUT COMMAND PARAMETER (RLIN)
Put command parameter 160627
942 ## - ADDED ENTRY ELEMENTS (KOHA)
Koha item type Libros
Classification part 300.72
Item part B259e
Source of classification or shelving scheme Dewey Decimal Classification

No hay ítems disponibles.